000
00321pab a2200133 454500
008
180718b1996 xxu||||| |||| 00| 0 eng d
245
_a
GRASSROOTS governance - perspectives on panchayati raj
260
_c
1996
300
_a
p.3-131
362
_a
Mar
650
_a
Panchayat
773
_a
Social Change
909
_a
43024
999
_c
43024
_d
43024